Countries A-Z Between Two Cities - Statistics

General Stats
  • This quiz has been taken 84 times
  • The average score is 22 of 24
Answer Stats
Letter Two cities Country % Correct
A Barcelona, Toulouse Andorra
99%
C Bangkok, Ho Chi Minh City Cambodia
99%
E Managua, Guatemala City El Salvador
98%
Z Lubumbashi, Harare Zambia
98%
B Asunción, Lima Bolivia
96%
H Novi Sad, Bratislava Hungary
96%
Q Hofuf, Abu Dhabi Qatar
96%
J Belmopan, Port-au-Prince Jamaica
95%
O Malé, Al Ain Oman
95%
R Sevastopol, Belgrade Romania
95%
Y Bosaso, Medina Yemen
95%
D Addis Ababa, Aden Djibouti
94%
U Rosario, Porto Alegre Uruguay
94%
V Suva, Port Moresby Vanuatu
94%
I Kabul, Kuwait City Iran
93%
F Apia, Nouméa Fiji
90%
K Almaty, Tashkent Kyrgyzstan
90%
P Medellin, San José Panama
90%
G Freetown, Bamako Guinea
88%
L Metz, Liege Luxembourg
86%
M Lilongwe, Antanarivo Mozambique
83%
N Lhasa, Lucknow Nepal
81%
S Castries, St. George's Saint Vincent and the Grenadines
81%
T Cotonou, Kumasi Togo
74%
No matching quizzes found
Score Distribution
Percent of People with Each Score
Percentile by Number Answered
Your Score History
You have not taken this quiz